000 00998nam a22002771c 4500
001 9783534248902-nbs
008 141002s2013 gw |||| 000u ger d
020 _a9783534248902
_9978-3-534-24890-2
041 _ager
245 0 0 _aDeutsche Besatzungsherrschaft in der UdSSR 1941-45 :
_bDokumente der Einsatzgruppen in der Sowjetunion II
264 _aDarmstadt :
_bWBG Wissenschaftliche Buchgesellschaft,
_c2013
300 _a638 S.: graph. Darst.
648 0 _a1941-1945
650 0 _aRusslandfeldzug <1941-1945>
650 0 _aWehrmacht
655 0 _aQuelle
700 1 _aAngrick, Andrej
_eHerausgeberIn
700 1 _aMallmann, Klaus-Michael
_eHerausgeberIn
700 1 _aMatthäus, Jürgen
_eHerausgeberIn
700 1 _aCüppers, Martin
_eHerausgeberIn
942 _cMG
040 _cRU-10907106
003 RU-10907106
999 _c39841
_d39841
490 0 _aVeröffentlichungen der Forschungsstelle Ludwigsburg der Universität Stuttgart
_v23
490 0 _aDokumente der Einsatzgruppen in der Sowjetunion
_v2